LEADER 00707nam a2200181 i 4500 001 000000028982 003 CaOOAMICUS 005 20191118104548.0 008 180830s1974 it u000 u ita u 040 $aSeMil$bita 100 1 $aBassani, Giorgio <1916-2000>.$0(OLS)http://semarc/name/4459 245 13$aIl romanzo di Ferrara /$cGiorgio Bassani. 260 $aMilano :$bArnoldo Mondadori Editore,$c1974. 300 $av. ;$c21 cm. 774 0 $tDentro le mura.$dMilano : Mondadori, 1974.$kScrittori italiani e stranieri$g1$w()107805 996 $6245$aIl romanzo di Ferrara$9(OLS)http://semarc/title/39345 996 $6260$aMilano :$bArnoldo Mondadori Editore$9(OLS)http://semarc/publisher/30056 LEADER 00820nas a2200229 i 4500 001 000000208054 003 CaOOAMICUS 005 20120208000000.0 008 111110b2011 ne uu u0 0mul r 013 $a186837 040 $aSeMil$bita 245 10$a[2011 : 3]. 260 $aLeiden ; Boston :$bBrill,$ccopyr. 2011. 300 $aP. [341]-549 ;$c25 cm. 500 $aArticoli con sintesi in inglese [Abstract] in testa. 773 0 $tVetus Testamentum.$dLeiden : Brill, 1951.$x0042-4935$w()3098 774 0 $t[vedi periodico].$w()276292 850 $aSeMil 852 $aSeMil$W1$xVenegono$y1$m100 5 63$j158512$B158512$CSeMilBibl$Z2$F172281 $85 961 $aAbbonamento: Brill 996 $6245$a[2011 : 3]$9(OLS)http://semarc/title/297963 996 $6260$aLeiden ; Boston :$bBrill$9(OLS)http://semarc/publisher/39473